<?xml version="1.0" encoding="UTF-8"?>
<record
    xmlns:xsi="http://www.w3.org/2001/XMLSchema-instance"
    xsi:schemaLocation="http://www.loc.gov/MARC21/slim http://www.loc.gov/standards/marcxml/schema/MARC21slim.xsd"
    xmlns="http://www.loc.gov/MARC21/slim">

  <leader>01243nam a22002897a 4500</leader>
  <datafield tag="999" ind1=" " ind2=" ">
    <subfield code="c">114514</subfield>
    <subfield code="d">114514</subfield>
  </datafield>
  <controlfield tag="003">dpl</controlfield>
  <controlfield tag="005">20181204145832.0</controlfield>
  <controlfield tag="008">181204b           ||||| |||| 00| 0 eng d</controlfield>
  <datafield tag="010" ind1=" " ind2=" ">
    <subfield code="a">B-066868</subfield>
  </datafield>
  <datafield tag="020" ind1=" " ind2=" ">
    <subfield code="c">75.00</subfield>
    <subfield code="a">8186754601</subfield>
  </datafield>
  <datafield tag="035" ind1=" " ind2=" ">
    <subfield code="a">B-066868</subfield>
  </datafield>
  <datafield tag="037" ind1=" " ind2=" ">
    <subfield code="b">Cen Lib/Ret</subfield>
  </datafield>
  <datafield tag="040" ind1=" " ind2=" ">
    <subfield code="a">DPL</subfield>
    <subfield code="b">HN</subfield>
    <subfield code="c">0</subfield>
  </datafield>
  <datafield tag="082" ind1=" " ind2=" ">
    <subfield code="a">&#x909; </subfield>
    <subfield code="b">&#x916;&#x93F;:&#x928;&#x940;:&#x92F;&#x942; </subfield>
  </datafield>
  <datafield tag="100" ind1=" " ind2=" ">
    <subfield code="a">&#x916;&#x93F;:&#x928;&#x940;:&#x92F;&#x942;</subfield>
    <subfield code="9">356</subfield>
  </datafield>
  <datafield tag="245" ind1=" " ind2=" ">
    <subfield code="a">&#x939;&#x91C;&#x93C;&#x93E;&#x930; &#x92C;&#x948;&#x932; :</subfield>
    <subfield code="b">&#x909;&#x92A;&#x928;&#x94D;&#x92F;&#x93E;&#x938; /</subfield>
    <subfield code="c">&#x916;&#x93F;:&#x928;&#x940;:&#x92F;&#x942;; &#x905;&#x928;&#x941;&#x935;&#x93E;&#x926;&#x915; &#x91A;&#x902;&#x926;&#x94D;&#x930;&#x92A;&#x94D;&#x930;&#x915;&#x93E;&#x936; &#x92A;&#x94D;&#x930;&#x92D;&#x93E;&#x915;&#x930; </subfield>
  </datafield>
  <datafield tag="246" ind1=" " ind2=" ">
    <subfield code="a">Hazar bail : upanyas /</subfield>
    <subfield code="b">by Khi.nee.Yu. ; anuvadak Chndraprakash Prabhakar </subfield>
  </datafield>
  <datafield tag="260" ind1=" " ind2=" ">
    <subfield code="a">&#x928;&#x908; &#x926;&#x93F;&#x932;&#x94D;&#x932;&#x940;  </subfield>
    <subfield code="b">&#x907;&#x930;&#x93E;&#x935;&#x926;&#x940; &#x92A;&#x94D;&#x930;&#x915;&#x93E;&#x936;&#x928; </subfield>
    <subfield code="c">2002</subfield>
  </datafield>
  <datafield tag="270" ind1=" " ind2=" ">
    <subfield code="a">&#x938;&#x940; 482, &#x935;&#x93F;&#x915;&#x93E;&#x938;&#x92A;&#x941;&#x930;&#x940; </subfield>
    <subfield code="b">&#x928;&#x908; &#x926;&#x93F;&#x932;&#x94D;&#x932;&#x940;    </subfield>
    <subfield code="e">110018</subfield>
  </datafield>
  <datafield tag="300" ind1=" " ind2=" ">
    <subfield code="a">80&#x92A;&#x943;.</subfield>
    <subfield code="c">20&#x938;&#x947;&#x92E;&#x940;(&#x938;&#x91C;&#x93F;&#x932;&#x94D;&#x926; ) </subfield>
  </datafield>
  <datafield tag="650" ind1=" " ind2=" ">
    <subfield code="a">&#x939;&#x93F;&#x902;&#x926;&#x940; &#x938;&#x93E;&#x939;&#x93F;&#x924;&#x94D;&#x92F;  </subfield>
    <subfield code="x"> </subfield>
    <subfield code="z"> </subfield>
    <subfield code="9">57123</subfield>
  </datafield>
  <datafield tag="650" ind1=" " ind2=" ">
    <subfield code="a">&#x939;&#x93F;&#x902;&#x926;&#x940; &#x909;&#x92A;&#x928;&#x94D;&#x92F;&#x93E;&#x938; </subfield>
    <subfield code="9">57124</subfield>
  </datafield>
  <datafield tag="650" ind1=" " ind2=" ">
    <subfield code="a">Hindi literature</subfield>
    <subfield code="v"> </subfield>
    <subfield code="9">57125</subfield>
  </datafield>
  <datafield tag="650" ind1=" " ind2=" ">
    <subfield code="a">Hindi fiction</subfield>
    <subfield code="9">27248</subfield>
  </datafield>
  <datafield tag="700" ind1=" " ind2=" ">
    <subfield code="a">&#x92A;&#x94D;&#x930;&#x92D;&#x93E;&#x915;&#x930;, &#x91A;&#x902;&#x926;&#x94D;&#x930;&#x92A;&#x94D;&#x930;&#x915;&#x93E;&#x936; </subfield>
    <subfield code="9">57106</subfield>
  </datafield>
  <datafield tag="942" ind1=" " ind2=" ">
    <subfield code="2">ddc</subfield>
    <subfield code="c">HN</subfield>
    <subfield code="h">&#x909;</subfield>
    <subfield code="m">&#x916;&#x93F;:&#x928;&#x940;:&#x92F;&#x942;</subfield>
  </datafield>
  <datafield tag="952" ind1=" " ind2=" ">
    <subfield code="0">0</subfield>
    <subfield code="1">0</subfield>
    <subfield code="2">ddc</subfield>
    <subfield code="4">0</subfield>
    <subfield code="7">0</subfield>
    <subfield code="a">L</subfield>
    <subfield code="b">L</subfield>
    <subfield code="d">2003-03-31</subfield>
    <subfield code="e">Cen Lib/Ret</subfield>
    <subfield code="g">75.00</subfield>
    <subfield code="l">1</subfield>
    <subfield code="o">&#x909;  &#x916;&#x93F;:&#x928;&#x940;:&#x92F;&#x942;</subfield>
    <subfield code="p">B-066868</subfield>
    <subfield code="r">2026-03-10 00:00:00</subfield>
    <subfield code="s">2026-02-23</subfield>
    <subfield code="t">1</subfield>
    <subfield code="v">75.00</subfield>
    <subfield code="w">2015-08-18</subfield>
    <subfield code="y">HN</subfield>
  </datafield>
  <datafield tag="952" ind1=" " ind2=" ">
    <subfield code="0">0</subfield>
    <subfield code="1">0</subfield>
    <subfield code="2">ddc</subfield>
    <subfield code="4">0</subfield>
    <subfield code="7">0</subfield>
    <subfield code="8">NFIC</subfield>
    <subfield code="a">BL1</subfield>
    <subfield code="b">BL1</subfield>
    <subfield code="d">2003-03-31</subfield>
    <subfield code="e">BPPD/Pub</subfield>
    <subfield code="g">75.00</subfield>
    <subfield code="l">0</subfield>
    <subfield code="o">&#x909; &#x916;&#x93F;:&#x928;&#x940;:&#x92F;&#x942;</subfield>
    <subfield code="p">b-066869</subfield>
    <subfield code="r">2018-12-04 00:00:00</subfield>
    <subfield code="v">75.00</subfield>
    <subfield code="w">2018-12-04</subfield>
    <subfield code="y">HN</subfield>
  </datafield>
</record>
